Zborník prednášok z 3. československej konferencie o nedeštruktívnej kontrole materiálov

Bibliographic Details
Format: Book
Language:Slovak
Published: Bratislava Dom techniky ČSVTS 1968
Subjects:

MARC

LEADER 00000cam a2200000 a 4500
001 vtls001154451
003 SK-MaSNL
005 20260301063215.0
008 250312s1968 xo fr 10000 slo
015 |a SNBA1968 
035 |a SNK000097338 
035 |a urn:nbn:sk:snk-am3izlz 
035 |a 97B058FC-6CAC-4F50-A268-ED832CF9D0DB 
035 |a urn:nbn:sk:snk-am00gjuq 
040 |a SNK  |b slo  |c SNK  |e AACR2 
041 0 |a slo 
044 |a xo  |c SK 
072 7 |a 620.1/.2  |x Náuka o materiáli  |2 konspekt 
080 |a 620.179  |2 2011 
080 |a (062.534)  |2 2011 
245 0 0 |a Zborník prednášok z 3. československej konferencie o nedeštruktívnej kontrole materiálov 
260 |a Bratislava  |b Dom techniky ČSVTS  |c 1968 
650 0 7 |a nedeštruktívne skúšanie materiálov  |2 SNKPH  |9 66994 
655 7 |a zborníky konferencií  |2 SNKPH  |9 70153 
852 |a Slovenská národná knižnica 
958 |a ART 
958 |a OND 
999 |c 623285  |d 625215 
952 |a SNK  |b SNK  |y VYP  |7 0  |p 17A0873650  |o snkSB 47587/dod.  |i snkD 326/91  |0 0  |1 0  |4 0  |d 2012-07-09  |f 1  |l 0  |r 2025-02-13 00:00:00  |w 2026-02-23 
952 |a SNK  |b SNK  |y PREZ  |7 0  |p 17A0873637  |o snkSB 47587  |i snkD 317/91  |0 0  |1 0  |4 0  |d 2015-02-10  |l 0  |r 2025-02-13 00:00:00  |w 2026-02-23 
952 |t P60, <04>, [BOOK], {604}  |a SNK  |b SNK  |y VYP  |7 0  |p 17A0149816  |o snkSB 47587/dod. D1  |i snkD 00791/92  |0 0  |1 0  |4 0  |d 1998-07-15  |l 0  |r 2005-01-01 00:00:00  |w 2026-02-23